Kadın (Record no. 11781)

MARC details
000 -BAŞLIK
Sabit Uzunlukta Kontrol Alanı 02143na a2200493 4500
001 - KONTROL NUMARASI
Denetim Alanı 24521
003 - KONTROL NUMARASI IDENTIFIER
Denetim Alanı MIRAKIL
005 - SON İŞLEM TARİHİ VE ZAMANI
Denetim Alanı 20181226104234.0
008 - SABİT-BOY VERİ ELEMANLARI - GENEL BİLGİLER
Sabit Uzunlukta Kontrol Alanı 181127b tu 000 0
035 ## - SİSTEM KONTROL NUMARASI
Sistem Kontrol Numarası 20679
041 ## - DİL KODU
Metin / Ses Parça Veya Ayrı Başlığın Dil Kodu tur
082 ## - DEWEY ONLU SINIFLANDIRMA NUMARASI
Sınıflandırma Numarası 324.2372
Ürün Numarası C36k 2011
090 ## - SINIFLAMA NUMARASI
Sınıflama Numarası 324.2372 C36k 2011
110 ## - ANA GİRİŞ - KURUMSAL ADI
Giriş Elemanı Olarak Kurumsal Ad Veya Yargı Alanı Adı Cumhuriyet Halk Partisi (CHP)
Alt Birim Bilim, Yönetim ve Kültür Platformu
222 ## - ANAHTAR ADI
Anahtar Başlık Kadın programı
245 ## - BAŞLIK TABLOSU
Başlık Kadın
Başlığın Kalan Her alanda eşit ve güçlü
Sorumluluk Tablosu, Vb CHP Bilim, Yönetim ve Kültür Platformu
246 ## - UNVAN FORM VARYING
Başlık Doğru / Kısa Başlığı Kadınlar her alanda eşit ve güçlü
260 ## - YAYIN, DAĞITIM, VB
Yayın, Dağıtım, Vb Yeri Ankara
Yayıncı, Dağıtıcı, Vs Adı CHP
Yayın, Dağıtım, Vb Tarihi 2011
300 ## - FİZİKSEL TANIM
Kapsam 42 s.
Diğer Fiziksel Ayrıntıları rnkl. fotg.
Boyutlar 21 sm.
440 ## - SERİSİ TABLOSU / KATMA GİRİŞİ - BAŞLIK
Başlık Cumhuriyet Halk Partisi yayınları
Bir İşin Parçası / Bölümün İsmi Herkes için CHP dizisi
Hacim / Ardışık Tanımı Programlar
490 ## - SERİSİ TABLOSU
Seri Beyanı CHP Bilim, Yönetim ve Kültür Platformu çalışmaları
Hacim / Ardışık Tanımı 9
500 ## - GENEL NOT
Genel Not Ara kapakta adı : Türkiye rahat bir nefes alacak
505 ## - BİÇİMLENDİRİLDİ İÇİNDEKİLER NOT
Biçimlendirilmiş İçeriği Dikkat Giriş: Güçlü kadın, özgür toplum - Türkiye'de kadın-erkek eşitliğinde durum ve sorunlar - CHP'nin kadına bakışı: özgür ve güçlü kadın
600 ## - KONU KATMA GİRİŞ - KURUMSAL ADI
Kişisel Ad Kılıçdaroğlu, Kemal
Başlıklar Ve Bir Adla İlişkili Diğer Kelimeler CHP Genel Başkanı
Genel Alt Bölümü Seçim kampanyaları, 2011
Kronolojik Alt Bölümü Kadın hakları
600 ## - KONU KATMA GİRİŞ - KURUMSAL ADI
Kişisel Ad Kılıçdaroğlu, Kemal
Genel Alt Bölümü Propaganda ve ideolojiler
Kronolojik Alt Bölümü Kadın hakları
610 ## - KONU KATMA GİRİŞ - TOPLANTI ADI
Giriş Elemanı Olarak Kurumsal Ad Veya Yargı Alanı Adı CHP
Genel Alt Bölüm Propaganda ve ideolojiler
Kronolojik Alt Bölüm Kılıçdaroğlu dönemi
-- Genel seçimler, 2011
610 ## - KONU KATMA GİRİŞ - TOPLANTI ADI
Giriş Elemanı Olarak Kurumsal Ad Veya Yargı Alanı Adı CHP
Genel Alt Bölüm Seçim kampanyaları, 2011
Kronolojik Alt Bölüm Kadınlar
610 ## - KONU KATMA GİRİŞ - TOPLANTI ADI
Giriş Elemanı Olarak Kurumsal Ad Veya Yargı Alanı Adı CHP
Genel Alt Bölüm Programlar, 2011
Kronolojik Alt Bölüm Kadın politikaları
610 ## - KONU KATMA GİRİŞ - TOPLANTI ADI
Giriş Elemanı Olarak Kurumsal Ad Veya Yargı Alanı Adı CHP
Genel Alt Bölüm Kadın sorunu
Kronolojik Alt Bölüm Çözüm önerileri
650 ## - KONU KATMA GİRİŞ - TOPİKAL DÖNEM
Topikal Süreli Veya Coğrafi Ad Giriş Elemanı Toplumsal cinsiyet
Coğrafi Alt Bölümü Türkiye
651 ## - KONU KATMA GİRİŞ - COĞRAFİ ADI
Coğrafi İsim Türkiye
Genel Alt Bölümü Siyaset ve yönetim
Kronolojik Alt Bölümü 2011-2015
710 ## - KATMA GİRİŞ - KURUMSAL ADI
Giriş Elemanı Olarak Kurumsal Ad Veya Yargı Alanı Adı Cumhuriyet Halk Partisi (CHP)
Alt Birim Bilim, Yönetim ve Kültür Platformu
740 ## - KATMA GİRİŞ - KONTROLSUZ İLGİLİ / ANALİTİK BAŞLIK
Kontrol Edilmeyen / İlgili Analitik Başlıktaki Kadınlar her alanda eşit ve güçlü
830 ## - SERİSİ EKLENDİ GİRİŞ - ÜNİFORM ADI
Üniforma Başlık CHP programları
830 ## - SERİSİ EKLENDİ GİRİŞ - ÜNİFORM ADI
Üniforma Başlık Herkes için CHP dizisi
942 ## - EKLENDİ GİRİŞ ELEMANLARI (KOHA)
Sınıflandırma Veya Raf Düzeni Kaynak Dewey Decimal Classification
Koha Öğesi Türü Books
040 ## - KATALOGLAMA KAYNAK
Orijinal Kataloglama Ajansı Milas
Kataloglama Dili tur
Metne Dönüştürmek Ajansı TR-AnCHP
999 ## - SİSTEM KONTROL NUMARALARI (KOHA)
Koha Biblionumber 11781
Koha Biblioitemnumber 11781
657 ## - INDEX SÜRE - İŞLEVİ
-- CHP kadın programları
657 ## - INDEX SÜRE - İŞLEVİ
-- Herkes için CHP kampanyası
657 ## - INDEX SÜRE - İŞLEVİ
-- CHP seçim kampanyaları
657 ## - INDEX SÜRE - İŞLEVİ
-- CHP seçim propagandaları
657 ## - INDEX SÜRE - İŞLEVİ
-- CHP kadın programı
657 ## - INDEX SÜRE - İŞLEVİ
-- CHP toplumsal cinsiyet eşitliği programı
Holdings
Kullanım Kısıtlamaları Kalıcı Konum Mevcut Konum Edinme Tarihi Toplam Check-Out'Lar Tam Çağrı Numarası Barkod Tarih Son Görülme Kopya Sayısı İtibaren Geçerli Fiyatlar Sigara Kamu Notu Koha Öğesi Türü
Kütüphane dışına çıkarılamaz Parti Okulu Kütüphanesi Parti Okulu Kütüphanesi 11/27/2018   324.2372 C36k 2011 P00252 11/27/2018 k.2 11/27/2018 Books
Kütüphane dışına çıkarılamaz Parti Okulu Kütüphanesi Parti Okulu Kütüphanesi 11/27/2018   324.2372 C36k 2011 P00253 11/27/2018   11/27/2018 Books